书目信息 |
| 题名: |
宋词小令精华
|
|
| 作者: | 王德明 , 邓义昌 编著 | |
| 分册: | ||
| 出版信息: | 桂林 广西师范大学出版社 1998.06 |
|
| 页数: | 427页 | |
| 开本: | 32开 | |
| 丛书名: | ||
| 单 册: | ||
| 中图分类: | I222.844 | |
| 科图分类: | ||
| 主题词: | 诗歌--中国 , 韵文--中国 | |
| 电子资源: | ||
| ISBN: | 7-5633-2232-9 | |
| 000 | 00635nam0 2200217 45 | |
| 001 | 0106081508 | |
| 005 | 20010608154115.8 | |
| 010 | @a7-5633-2232-9@d18.60元 | |
| 100 | @a20010608d1998 km y0chiy0120 ea | |
| 101 | 0 | @achi |
| 105 | @a z 000yy | |
| 200 | 1 | @a宋词小令精华@ASong Ci Xiao Ling Jing Hua@f王德明,邓义昌编著@FWang De Ming,Deng Yi Chang Bian Zhu |
| 210 | @a桂林@c广西师范大学出版社@d1998.06 | |
| 215 | @a427页@d32开 | |
| 606 | 0 | @a诗歌@x中国 |
| 606 | 0 | @a韵文@x中国 |
| 690 | @aI222.844@v3 | |
| 701 | 0 | @a王德明@4编著 |
| 701 | 0 | @a邓义昌@4编著 |
| 801 | @aCN@bPftUser@c20010608 | |
| 905 | @f5@b346332-336@dI222.844@eW524 | |
| 宋词小令精华/王德明,邓义昌编著.-桂林:广西师范大学出版社,1998.06 |
| 427页;32开 |
| ISBN 7-5633-2232-9:18.60元 |
| ● |
| 相关链接 |
|
|
|
正题名:宋词小令精华
索取号:I222.844/W524
 
预约/预借
| 序号 | 登录号 | 条形码 | 馆藏地/架位号 | 状态 | 备注 |
| 1 | 346332 | 203463322 | 文学库108/108文学库 17排4列1层/ [索取号:I222.844/W524] | 在馆 | |
| 2 | 346333 | 203463331 | 社科二线400B/400B社科库 13排1列2层/ [索取号:I222.844/W524] | 在馆 | |
| 3 | 346334 | 203463340 | 文学库108/108文学库 17排4列1层/ [索取号:I222.844/W524] | 在馆 | |
| 4 | 346335 | 203463359 | 自科二线504/422社科库 48排3列5层/ [索取号:I222.844/W524] | 在馆 | |
| 5 | 346336 | 203463368 | 文学库108/108文学库 17排4列1层/ [索取号:I222.844/W524] | 在馆 |